BBL (UK Basketball League) - Statistics

General Stats
  • This quiz has been taken 17 times
  • The average score is 7 of 10
Answer Stats
Answer % Correct
London Lions
93%
Manchester Giants
87%
Bristol Flyers
80%
Caledonia Gladiators
80%
Leicester Riders
73%
Newcastle Eagles
73%
Surrey Scorchers
73%
Cheshire Phoenix
67%
Plymouth City Patriots
53%
Sheffield Sharks
53%
No matching quizzes found
Score Distribution
Percent of People with Each Score
Percentile by Number Answered
Your Score History
You have not taken this quiz